000 01217nam a2200325 i 4500
001 200468119
003 TR-AnTOB
005 20260415092153.0
007 ta
008 260415s2013 tu |||| |||| 00| 0 tur d
020 _a9789989133480
040 _aTR-AnTOB
_beng
_erda
_cTR-AnTOB
041 0 _aeng
050 1 4 _aHQ1236.5.M27
_bW55 2013
090 _aHQ1236.5.M27
_bW55 2013
245 1 0 _aWhich gender is the ohrid framework agreement!? :
_banalisys /
_cauthors Sasho Klekovski [and four others] ; editor Lulzim Haziri.
264 1 _a[Place of publication not identified] ;
_bAssociation for Democratic Initiatives,
_c2013.
300 _a96 pages :
_btables ;
_c23 cm
336 _atext
_btxt
_2rdacontent
337 _aunmediated
_bn
_2rdamedia
338 _avolume
_bnc
_2rdacarrier
500 _aAuthors: Sasho Klekovski, Mjellma Mehmeti, Zhaneta Poposka, Shpend Imeri, Shkendije Baftija
650 0 _aWomen
_xPolitical activity
_zNorth Macedonia.
_986483
650 0 _aConflict management
_922042
653 _aOhrid Framework Agreement
653 _aMinority women -- North Macedonia -- Social conditions
700 1 _aKlekovski, Sasho
_eauthor
_9153669
942 _2lcc
_cBK
999 _c200468119
_d86331